[Event "4NCL Online Division 5"]
[Site "online"]
[Date "2021.10.19"]
[EventDate "2021.10.19"]
[Round "5.214"]
[White "Shan-Muhammad, Rohan"]
[WhiteElo "1032"]
[WhiteTeam "KCS U13B"]
[Black "Wells, Heather Enid"]
[BlackElo "1239"]
[BlackTeam "Anglian Avengers 3"]
[Result "1-0"]
[PlyCount "127"]

1. e4 c5 2. Nf3 d6 3. Nc3 Nc6 4. Bc4 Nf6 5. d3 g6 6. O-O Bg7 7. Be3 O-O 8. Qd2 Bg4 9. Qe2 Ne5 10. h3 Nxf3+ 11. gxf3 Bxh3 12. Rfe1 Qd7 13. Bf4 a6 14. a3 Nh5 15. Bg3 Nxg3 16. fxg3 b5 17. Bb3 h5 18. Nd5 Rab8 19. Nf4 Kh8 20. Kh2 Bxb2 21. Ra2 Bc3 22. Rb1 Be6 23. Bxe6 fxe6 24. Nxg6+ Kg7 25. Nxf8 Rxf8 26. Rh1 e5 27. Kg2 Rh8 28. Qe3 Qe6 29. Qg5+ Kf7 30. Qf5+ Qxf5 31. exf5 Kf6 32. g4 Kg5 33. a4 b4 34. a5 Rh6 35. Kg3 Bd2 36. Raa1 Bf4+ 37. Kg2 hxg4 38. Rxh6 Kxh6 39. fxg4 Kg5 40. Kf3 d5 41. Rh1 Kf6 42. Rh8 c4 43. dxc4 dxc4 44. Rb8 Bd2 45. Rb6+ Kf7 46. Rxa6 b3 47. cxb3 cxb3 48. Rb6 Bxa5 49. Rxb3 Kf6 50. Ke4 Bc7 51. Rg3 Kg5 52. Kd5 e4 53. Rg2 e3 54. Ke6 Bd6 55. Kd7 Bc5 56. Ke6 Kf4 57. g5 Kf3 58. Rh2 e2 59. Rxe2 Kxe2 60. g6 Bd4 61. Kxe7 Ke3 62. f6 Bc5+ 63. Ke6 Ke4 64. g7 1-0

[Event "4NCL Online Division 5"]
[Site "online"]
[Date "2021.10.19"]
[EventDate "2021.10.19"]
[Round "5.221"]
[White "Zsibrita, Steve"]
[WhiteElo "1496"]
[WhiteTeam "Hertford 3"]
[Black "Warren, Archie"]
[BlackElo "1359"]
[BlackTeam "Farnham C"]
[Result "1-0"]
[PlyCount "39"]

1. d4 Nf6 2. e3 g6 3. Bd3 Bg7 4. f4 d5 5. Nf3 O-O 6. O-O Nc6 7. Ne5 Bd7 8. c3 a6 9. Nd2 Ne8 10. h3 Nd6 11. Qf3 Be6 12. g4 b5 13. Nxc6 Qe8 14. Nb4 c6 15. e4 dxe4 16. Nxe4 Bd7 17. Nc5 Qc8 18. Re1 e6 19. Nxd7 Qxd7 20. Qxc6 1-0

[Event "4NCL Online Division 5"]
[Site "online"]
[Date "2021.10.19"]
[EventDate "2021.10.19"]
[Round "5.222"]
[White "Warnock, Oliver"]
[WhiteElo "1294"]
[WhiteTeam "Farnham C"]
[Black "Brewis, Alan"]
[BlackElo "1336"]
[BlackTeam "Hertford 3"]
[Result "0-1"]
[PlyCount "49"]

1. d4 f5 2. c4 Nf6 3. Nc3 e6 4. Bg5 Be7 5. Bxf6 Bxf6 6. e4 fxe4 7. Nxe4 O-O 8. Nf3 d6 9. Bd3 a5 10. Qc2 g6 11. h4 Nc6 12. d5 Nd4 13. Nxd4 Bxd4 14. h5 Rf7 15. hxg6 hxg6 16. O-O-O e5 17. Ng3 Qg5+ 18. Kb1 Rxf2 19. Ne4 Rxc2 20. Nxg5 Rxb2+ 21. Kc1 Rxg2 22. Rdg1 Rxg1+ 23. Rxg1 Bxg1 24. Bxg6 Be3+ 25. Kd1 0-1

[Event "4NCL Online Division 5"]
[Site "online"]
[Date "2021.10.19"]
[EventDate "2021.10.19"]
[Round "5.223"]
[White "Hurley, James"]
[WhiteElo "1272"]
[WhiteTeam "Hertford 3"]
[Black "Amos, Katherine"]
[BlackElo "1295"]
[BlackTeam "Farnham C"]
[Result "0-1"]
[PlyCount "214"]

1. e4 d5 2. exd5 Nf6 3. Bc4 Nxd5 4. Qf3 e6 5. Ne2 Bc5 6. O-O O-O 7. d3 Re8 8. Be3 Bxe3 9. fxe3 Nc6 10. Qxf7+ Kh8 11. Nbc3 Nxe3 12. Rf3 Nxc2 13. Raf1 Bd7 14. Ne4 N6d4 15. Nxd4 Nxd4 16. Rg3 Ne2+ 17. Kh1 Nxg3+ 18. hxg3 a6 19. Nc5 Qe7 20. Qxe7 Rxe7 21. Nxb7 Rb8 22. b3 Bc6 23. Nc5 Bd5 24. Nxa6 Rbe8 25. Nb4 Bxc4 26. dxc4 e5 27. Nd5 Rd7 28. g4 h6 29. g3 e4 30. Re1 c6 31. Ne3 Rd3 32. Re2 Rf8 33. Kg2 Kh7 34. Nf5 Re8 35. a4 Rxb3 36. Nd6 Ra8 37. Nxe4 Rb4 38. g5 Rxc4 39. gxh6 Kxh6 40. Nd6 Rcxa4 41. Re6+ Kh7 42. Nf7 Ra2+ 43. Kh3 c5 44. Rc6 Rf2 45. Ng5+ Kg8 46. Ne4 Re2 47. Nxc5 Raa2 48. Nd3 Ra8 49. Rc4 Re3 50. Nf4 Kh7 51. Nh5 Ra5 52. Rh4 Kg6 53. Nf4+ Kf6 54. Rg4 Ree5 55. Rg6+ Kf7 56. Rc6 Re3 57. Rc7+ Re7 58. Rc3 g5 59. Ng2 Re6 60. Ne3 Ra2 61. Kg4 Kg6 62. Nd5 Ra4+ 63. Kh3 Re5 64. Rc6+ Kf5 65. Rf6+ Ke4 66. Nc3+ Kd4 67. Nxa4 Re4 68. Rd6+ Ke5 69. Rd8 Rxa4 70. Rg8 Kf5 71. Rf8+ Kg6 72. Rg8+ Kf5 73. Rh8 Ra1 74. Rf8+ Kg6 75. Rg8+ Kf5 76. g4+ Kf6 77. Rf8+ Kg6 78. Kg2 Ra2+ 79. Kf3 Ra1 80. Ke4 Re1+ 81. Kd5 Rd1+ 82. Kc4 Rg1 83. Rg8+ Kf6 84. Rf8+ Ke5 85. Rf5+ Ke6 86. Rxg5 Kf6 87. Rf5+ Kg6 88. Rf4 Rc1+ 89. Kd3 Kg5 90. Re4 Rd1+ 91. Ke2 Rg1 92. Kf3 Rf1+ 93. Kg3 Rg1+ 94. Kh3 Rh1+ 95. Kg2 Rh4 96. Kg3 Rh1 97. Re5+ Kf6 98. Rf5+ Kg6 99. Kf4 Rf1+ 100. Ke4 Re1+ 101. Kd5 Rd1+ 102. Ke6 Re1+ 103. Kd7 Rd1+ 104. Ke8 Rg1 105. Rf4 Kg5 106. Rf8 Re1+ 107. Kd7 Kxg4 0-1

[Event "4NCL Online Division 5"]
[Site "online"]
[Date "2021.10.19"]
[EventDate "2021.10.19"]
[Round "5.224"]
[White "Franklin, Tony"]
[WhiteElo "1274"]
[WhiteTeam "Farnham C"]
[Black "Berkhout, Theo"]
[BlackElo "1074"]
[BlackTeam "Hertford 3"]
[Result "1-0"]
[PlyCount "63"]

1. c4 Nf6 2. Nc3 g6 3. g3 Bg7 4. Bg2 O-O 5. e4 e5 6. Nge2 d6 7. O-O c5 8. d3 Nc6 9. Be3 Nd4 10. h3 Qb6 11. Rb1 a5 12. f4 Nxe2+ 13. Nxe2 exf4 14. Nxf4 Be6 15. a3 Nd7 16. b4 Bd4 17. Qd2 axb4 18. Kh2 Rxa3 19. Nxe6 fxe6 20. Rxf8+ Nxf8 21. Bh6 Bg7 22. Bxg7 Kxg7 23. Qb2+ e5 24. Qxa3 bxa3 25. Rxb6 a2 26. Rxb7+ Kf6 27. Ra7 Ne6 28. Rxa2 Nd4 29. g4 g5 30. Kg3 Nb3 31. Ra3 Nc1 32. Bf1 1-0

[Event "4NCL Online Division 5"]
[Site "online"]
[Date "2021.10.19"]
[EventDate "2021.10.19"]
[Round "5.231"]
[White "Pratley, Ian"]
[WhiteElo "1703"]
[WhiteTeam "Wolfpack 2"]
[Black "Rasalingam, Rishi"]
[BlackElo "1167"]
[BlackTeam "Barnet Knights D"]
[Result "1-0"]
[PlyCount "127"]

1. f4 e5 2. fxe5 d6 3. exd6 Bxd6 4. Nf3 g5 5. g3 g4 6. Nh4 Nc6 7. d3 Be6 8. Nc3 f5 9. Ng2 Qf6 10. Bf4 O-O-O 11. Bxd6 Rxd6 12. Qd2 Nge7 13. Nf4 Nd5 14. Bg2 Nxc3 15. Qxc3 Qd8 16. a3 Re8 17. O-O-O Qe7 18. Kb1 Bg8 19. Rhf1 Nd4 20. e4 Qe5 21. exf5 Qxf5 22. Be4 Qb5 23. Qb4 Qa6 24. c3 Rb6 25. Qxd4 Qxa3 26. c4 c5 27. Qf2 Qb4 28. Nd5 Bxd5 29. Bxd5 a5 30. Qd2 Qa3 31. Rc1 Rb3 32. Rc3 a4 33. Qc2 Re3 34. Be4 Kc7 35. Kc1 Qa1+ 36. Qb1 Rxc3+ 37. bxc3 Qxc3+ 38. Qc2 Qa1+ 39. Qb1 Qc3+ 40. Qc2 Qa3+ 41. Qb2 Qb4 42. Qxb4 cxb4 43. Rf7+ Kb6 44. Rxb7+ Kc5 45. Rc7+ Kd4 46. Kd2 b3 47. Rd7+ Kc5 48. Rb7 Kd4 49. Rb4 Rxe4 50. dxe4 Kxe4 51. Rxa4 Kf3 52. Rb4 Kg2 53. Rxb3 Kxh2 54. c5 h5 55. c6 h4 56. gxh4 g3 57. Rxg3 Kxg3 58. c7 Kxh4 59. c8=Q Kh5 60. Qg8 Kh6 61. Ke3 Kh5 62. Kf4 Kh6 63. Kf5 Kh5 64. Qg5# 1-0

[Event "4NCL Online Division 5"]
[Site "online"]
[Date "2021.10.19"]
[EventDate "2021.10.19"]
[Round "5.233"]
[White "Braithwaite, Paul"]
[WhiteElo "1199"]
[WhiteTeam "Wolfpack 2"]
[Black "Kuryan, Elizabeth"]
[BlackElo "990"]
[BlackTeam "Barnet Knights D"]
[Result "1-0"]
[PlyCount "41"]

1. e4 c5 2. Nf3 g6 3. Nc3 Bg7 4. d3 d6 5. Bd2 Nf6 6. Be2 O-O 7. O-O Nc6 8. Rb1 Be6 9. Ng5 Qd7 10. Nxe6 Qxe6 11. Bg5 a6 12. Bxf6 Bxf6 13. Nd5 Rfd8 14. Nc7 Qxa2 15. Nxa8 Rxa8 16. c3 Qe6 17. Bg4 Qe5 18. f4 Qe6 19. Bxe6 fxe6 20. f5 exf5 21. exf5 1-0

[Event "4NCL Online Division 5"]
[Site "online"]
[Date "2021.10.19"]
[EventDate "2021.10.19"]
[Round "5.234"]
[White "Morin, Julian"]
[WhiteElo "897"]
[WhiteTeam "Barnet Knights D"]
[Black "Smith, Henry"]
[BlackElo "986"]
[BlackTeam "Wolfpack 2"]
[Result "0-1"]
[PlyCount "64"]

1. c4 Nf6 2. d4 e6 3. b3 Bb4+ 4. Bd2 Bxd2+ 5. Nxd2 d5 6. c5 O-O 7. Ngf3 Nbd7 8. e3 c6 9. Be2 Qa5 10. O-O Re8 11. Bd3 e5 12. Ne1 Nf8 13. Nc2 Bg4 14. Be2 Bf5 15. f3 exd4 16. Nxd4 Bg6 17. Qc1 Ne6 18. Nxe6 Rxe6 19. Kf2 Rae8 20. Nb1 Rxe3 21. Qxe3 Rxe3 22. Kxe3 Qxc5+ 23. Kf4 Qd4+ 24. Kg3 Qxa1 25. Nd2 Qxa2 26. Nb1 Qxe2 27. Rc1 Nh5+ 28. Kh4 Qxg2 29. Rg1 Qxg1 30. b4 Qxh2+ 31. Kg4 f5+ 32. Kg5 Qg3# 0-1

[Event "4NCL Online Division 5"]
[Site "online"]
[Date "2021.10.19"]
[EventDate "2021.10.19"]
[Round "5.241"]
[White "Sugden, Freddie"]
[WhiteElo "1831"]
[WhiteTeam "Hackney Spice Boys"]
[Black "Blinkhorn, Joshua"]
[BlackElo "1571"]
[BlackTeam "Hebden Bridge 3"]
[Result "1-0"]
[PlyCount "75"]

1. e4 e5 2. d4 exd4 3. c3 d5 4. exd5 Qxd5 5. cxd4 Bb4+ 6. Nc3 Nc6 7. Nf3 Bg4 8. Be2 O-O-O 9. O-O Bxc3 10. bxc3 Nf6 11. Be3 Ne4 12. Qc2 Rhe8 13. Rab1 Bxf3 14. Bxf3 f5 15. a4 a6 16. Be2 Rd6 17. Rfc1 Rf6 18. c4 Qa5 19. d5 Nd8 20. c5 c6 21. d6 Rfe6 22. Bc4 Nxc5 23. Bxc5 Re4 24. d7+ Kxd7 25. Rd1+ Kc8 26. Bb6 Qe5 27. Bxd8 Rxd8 28. Rxd8+ Kxd8 29. Rxb7 Qa1+ 30. Bf1 Qf6 31. Bxa6 Re1+ 32. Bf1 Rxf1+ 33. Kxf1 Qa1+ 34. Ke2 Qe5+ 35. Kd1 Qa1+ 36. Rb1 Qe5 37. Qd3+ Kc7 38. Qg3 1-0

[Event "4NCL Online Division 5"]
[Site "online"]
[Date "2021.10.19"]
[EventDate "2021.10.19"]
[Round "5.242"]
[White "Marsden, Christopher"]
[WhiteElo "1599"]
[WhiteTeam "Hebden Bridge 3"]
[Black "Leigh, Dominic"]
[BlackElo "1721"]
[BlackTeam "Hackney Spice Boys"]
[Result "0-1"]
[PlyCount "90"]

1. e4 c5 2. Nf3 d6 3. Bc4 e6 4. d4 cxd4 5. Nxd4 Nf6 6. Nc3 a6 7. Bb3 Be7 8. O-O O-O 9. Be3 Qc7 10. Qe2 Nc6 11. Rad1 Bd7 12. a3 Nxd4 13. Rxd4 Bc6 14. f3 Rad8 15. Rfd1 Nd7 16. Qf2 b6 17. Qg3 Nf6 18. Ne2 e5 19. Rc4 Qb7 20. Rc3 Bxe4 21. fxe4 Nxe4 22. Qf3 Nxc3 23. Qxb7 Nxd1 24. Qxe7 Nxe3 25. Kf2 Ng4+ 26. Kg3 Nf6 27. Qc7 Ne4+ 28. Kf3 Nd2+ 29. Ke3 Nxb3 30. c3 Nc5 31. b4 Ne6 32. Qxb6 d5 33. a4 d4+ 34. cxd4 exd4+ 35. Nxd4 Nxd4 36. Qxa6 Rfe8+ 37. Kf4 Ra8 38. Qc4 Ne6+ 39. Kg4 Rxa4 40. Qb5 Raa8 41. Qc4 Red8 42. Qc6 Rd4+ 43. Kf3 Ra3+ 44. Ke2 Rxb4 45. Qd6 Rb2+ 0-1

[Event "4NCL Online Division 5"]
[Site "online"]
[Date "2021.10.19"]
[EventDate "2021.10.19"]
[Round "5.243"]
[White "Nabijou, Kayvon"]
[WhiteElo "1582"]
[WhiteTeam "Hackney Spice Boys"]
[Black "Catlow, Robert"]
[BlackElo "1411"]
[BlackTeam "Hebden Bridge 3"]
[Result "1-0"]
[PlyCount "65"]

1. e4 d6 2. d4 Nf6 3. Nc3 Nbd7 4. f4 e5 5. Nf3 exd4 6. Nxd4 g6 7. Bc4 Bg7 8. Be3 Nc5 9. e5 dxe5 10. Nf3 Qxd1+ 11. Rxd1 Nce4 12. Nxe5 O-O 13. Nxe4 Nxe4 14. Bd5 Nf6 15. Bc5 Nxd5 16. Bxf8 Bxf8 17. Rxd5 Be6 18. Rd3 Bf5 19. Rb3 Re8 20. Kf2 Bxc2 21. Rxb7 Bc5+ 22. Kg3 Bb6 23. Nd7 Re3+ 24. Kh4 Bd4 25. Rxc7 Bf5 26. Rd1 Bxb2 27. Ne5 Rxe5 28. fxe5 Bxe5 29. Rxa7 Bxh2 30. Rf1 Be6 31. Re1 Bd5 32. Kg5 h6+ 33. Kf6 1-0

[Event "4NCL Online Division 5"]
[Site "online"]
[Date "2021.10.19"]
[EventDate "2021.10.19"]
[Round "5.244"]
[White "Sullivan, Terry"]
[WhiteElo "1400"]
[WhiteTeam "Hebden Bridge 3"]
[Black "Saunois, Anthony"]
[BlackElo "1400"]
[BlackTeam "Hackney Spice Boys"]
[Result "1-0"]
[PlyCount "55"]

1. d4 d6 2. Nf3 Nf6 3. c4 g6 4. Nc3 Bg7 5. e3 b6 6. e4 Bb7 7. Bd3 e6 8. O-O O-O 9. Be3 d5 10. cxd5 exd5 11. e5 Ng4 12. Bg5 f6 13. exf6 Bxf6 14. Bxf6 Nxf6 15. Re1 c5 16. dxc5 bxc5 17. Ne5 d4 18. Ne4 Nbd7 19. Nd6 Bd5 20. Qa4 Be6 21. Nxd7 Bxd7 22. Qc4+ Kh8 23. Nf7+ Rxf7 24. Qxf7 Ng8 25. Bc4 Nh6 26. Qe7 a5 27. Qxc5 Bf5 28. Qe5+ 1-0

[Event "4NCL Online Division 5"]
[Site "online"]
[Date "2021.10.19"]
[EventDate "2021.10.19"]
[Round "5.252"]
[White "Benhamou, Nathan"]
[WhiteElo "1368"]
[WhiteTeam "Harrow 4"]
[Black "Roul, Tushar"]
[BlackElo "472"]
[BlackTeam "East Kilbride Wanderers"]
[Result "0-1"]
[PlyCount "69"]

1. e3 d5 2. b3 e5 3. Bb2 Bd6 4. Be2 Nf6 5. Nf3 Qe7 6. O-O O-O 7. d3 h6 8. Nbd2 Bf5 9. c4 c6 10. Rc1 Nbd7 11. Qc2 Nc5 12. Ba3 Nxd3 13. Bxd3 Bxd3 14. Qxd3 Bxa3 15. cxd5 Bxc1 16. d6 Qe6 17. Qc4 Bxd2 18. Nxd2 Qxc4 19. Nxc4 Nd7 20. Rd1 f6 21. Na5 Rab8 22. Nc4 Nb6 23. Nxb6 axb6 24. a4 Kf7 25. Kf1 Rfd8 26. Ke2 Ke6 27. Kf3 Rxd6 28. Rxd6+ Kxd6 29. Ke4 g6 30. f4 f5+ 31. Kf3 e4+ 32. Ke2 Ra8 33. h3 b5 34. axb5 Ra2+ 35. Ke1 0-1

[Event "4NCL Online Division 5"]
[Site "online"]
[Date "2021.10.19"]
[EventDate "2021.10.19"]
[Round "5.253"]
[White "Roul, Karan"]
[WhiteElo "455"]
[WhiteTeam "East Kilbride Wanderers"]
[Black "Laza, Andrei"]
[BlackElo "1230"]
[BlackTeam "Harrow 4"]
[Result "1/2-1/2"]
[PlyCount "71"]

1. e4 b6 2. Nf3 Bb7 3. Nc3 e6 4. Bc4 Bb4 5. Ne2 Bxe4 6. c3 Be7 7. d4 Bxf3 8. gxf3 d5 9. Bd3 Nf6 10. Bg5 Nbd7 11. Qb3 c5 12. Bb5 c4 13. Qa4 O-O 14. Bc6 Rc8 15. Bf4 Nb8 16. Bb7 Rc7 17. Bxc7 Qxc7 18. Ba6 Nxa6 19. Qxa6 Qd7 20. O-O-O Rb8 21. b4 cxb3 22. axb3 Rc8 23. b4 Bxb4 24. Kd2 Ba5 25. Qd3 Qc7 26. Rc1 Nh5 27. Qe3 Qd6 28. Rhg1 g6 29. f4 Ng7 30. Qe5 Qd7 31. h4 h5 32. Ng3 Rc4 33. Qb8+ Rc8 34. Qe5 Rc4 35. Qb8+ Rc8 36. Qe5 1/2-1/2

[Event "4NCL Online Division 5"]
[Site "online"]
[Date "2021.10.19"]
[EventDate "2021.10.19"]
[Round "5.261"]
[White "Peacock, Christopher D"]
[WhiteElo "1492"]
[WhiteTeam "Wessex Some Stars H"]
[Black "Beer, James"]
[BlackElo "1275"]
[BlackTeam "Colchester JFF C"]
[Result "1-0"]
[PlyCount "73"]

1. d4 d5 2. Bf4 Nc6 3. Nf3 Bf5 4. c3 Nf6 5. e3 e6 6. Nbd2 Bd6 7. Ne5 Ne4 8. Bb5 Bxe5 9. Bxe5 O-O 10. O-O Qd7 11. Nxe4 dxe4 12. h3 a6 13. Be2 Qd5 14. Bxc7 e5 15. c4 Qe6 16. d5 Qd7 17. dxc6 Qxc7 18. cxb7 Qxb7 19. b3 Rad8 20. Qc1 Rd6 21. Qc3 f6 22. Rad1 Rfd8 23. Rxd6 Rxd6 24. Rd1 Rxd1+ 25. Bxd1 Qd7 26. Be2 g5 27. c5 h5 28. Bxh5 Qd3 29. Qc4+ Kh7 30. c6 Qb1+ 31. Kh2 Qd3 32. Be2 Qd6 33. Qf7+ Kh6 34. c7 a5 35. Bc4 Bg6 36. Qxg6+ Kxg6 37. c8=Q 1-0

[Event "4NCL Online Division 5"]
[Site "online"]
[Date "2021.10.19"]
[EventDate "2021.10.19"]
[Round "5.262"]
[White "Kariyawasam, Rohan"]
[WhiteElo "993"]
[WhiteTeam "Colchester JFF C"]
[Black "McCullagh, Tim"]
[BlackElo "1375"]
[BlackTeam "Wessex Some Stars H"]
[Result "0-1"]
[PlyCount "112"]

1. e4 d6 2. d4 Nf6 3. Nc3 Nbd7 4. Nf3 e5 5. d5 c6 6. Bc4 h6 7. O-O Be7 8. Be3 Qc7 9. Qd3 Nf8 10. Rfd1 g5 11. h4 g4 12. Nd2 h5 13. Bg5 Ng6 14. Nb3 b5 15. Nxb5 cxb5 16. Bxb5+ Bd7 17. Rd2 Rb8 18. Bxd7+ Nxd7 19. Bxe7 Kxe7 20. Qe3 f6 21. f3 gxf3 22. Qxf3 Rbg8 23. Qh3 Nc5 24. Rf2 Nf4 25. Qf5 Qd7 26. Nxc5 Qxf5 27. exf5 Nh3+ 28. Kf1 Nxf2 29. Kxf2 dxc5 30. Rd1 Kd6 31. c3 Rg4 32. a3 a5 33. Rd3 Rxh4 34. g3 Rh2+ 35. Kf3 Rxb2 36. Ke3 Rg8 37. Kf3 Re8 38. Re3 Rh2 39. c4 Rh3 40. Kg2 Rh4 41. gxh4 Rg8+ 42. Kf3 Rg4 43. Re4 Rg1 44. Re3 Rc1 45. Re4 a4 46. Ke2 Rc3 47. Kd2 Rxa3 48. Kc2 Rf3 49. Kb2 Rxf5 50. Ka3 Rf4 51. Rxf4 exf4 52. Kxa4 f3 53. Kb5 f2 54. Kb6 f1=Q 55. Kb7 Qxc4 56. Kb8 Qxd5 0-1

[Event "4NCL Online Division 5"]
[Site "online"]
[Date "2021.10.19"]
[EventDate "2021.10.19"]
[Round "5.263"]
[White "Spirling, Florence"]
[WhiteElo "1109"]
[WhiteTeam "Wessex Some Stars H"]
[Black "Wilde, Grace"]
[BlackElo "991"]
[BlackTeam "Colchester JFF C"]
[Result "1-0"]
[PlyCount "117"]

1. d4 d5 2. Nf3 Nc6 3. Nc3 Nf6 4. Bf4 Bf5 5. e3 e6 6. Nb5 Bd6 7. Nxd6+ cxd6 8. Bd3 Bg4 9. h3 Bxf3 10. Qxf3 e5 11. dxe5 Nxe5 12. Bb5+ Nc6 13. Bg5 h6 14. Bxf6 Qxf6 15. Qxd5 Qxb2 16. Bxc6+ bxc6 17. Qxc6+ Ke7 18. Rd1 Rhd8 19. Qc7+ Ke6 20. Qc4+ Ke7 21. Qb3 Qxb3 22. cxb3 Rac8 23. Ke2 Rc2+ 24. Rd2 Rxd2+ 25. Kxd2 d5 26. Rc1 d4 27. Rc7+ Ke8 28. Rxa7 dxe3+ 29. Kxe3 Rb8 30. Ra4 Rb6 31. Re4+ Kf8 32. f3 Ra6 33. Ra4 Re6+ 34. Re4 Ra6 35. Ra4 Re6+ 36. Kd3 Rd6+ 37. Kc3 Rc6+ 38. Kb2 Rd6 39. Rc4 Rd2+ 40. Rc2 Rd1 41. a4 Rd6 42. Ka3 Rd3 43. a5 Rd6 44. b4 Ra6 45. Ka4 Ra7 46. b5 Kg8 47. a6 Kf8 48. Ka5 Ra8 49. b6 Kg8 50. a7 Re8 51. Ka6 Re7 52. a8=Q+ Kh7 53. Qb7 Rxb7 54. Kxb7 f6 55. Ka8 Kg6 56. b7 Kh5 57. b8=Q Kh4 58. Qf4+ Kh5 59. Qg4# 1-0

[Event "4NCL Online Division 5"]
[Site "online"]
[Date "2021.10.19"]
[EventDate "2021.10.19"]
[Round "5.264"]
[White "He, Kingsley"]
[WhiteElo "831"]
[WhiteTeam "Colchester JFF C"]
[Black "Wright, George A"]
[BlackElo "1108"]
[BlackTeam "Wessex Some Stars H"]
[Result "1/2-1/2"]
[PlyCount "74"]

1. e4 b6 2. d4 Bb7 3. Nc3 e6 4. f4 Bb4 5. Bd3 Nf6 6. a3 Bxc3+ 7. bxc3 Nxe4 8. Bxe4 Bxe4 9. Qe2 d5 10. Nf3 Bxf3 11. Qxf3 Nd7 12. O-O Nf6 13. f5 O-O 14. Bb2 Ne4 15. Rad1 Qg5 16. fxe6 fxe6 17. Qh3 Nf2 18. Qxe6+ Kh8 19. Rxf2 Rxf2 20. Kxf2 Rf8+ 21. Kg1 h6 22. Rf1 Rxf1+ 23. Kxf1 Qf4+ 24. Kg1 Qd2 25. Qe8+ Kh7 26. h3 Qxc2 27. Qb5 Qd1+ 28. Kh2 Qd2 29. Ba1 Qf4+ 30. Kh1 Qc1+ 31. Kh2 Qxa1 32. Qxd5 Qxc3 33. Qf5+ Kg8 34. Qc8+ Kh7 35. Qf5+ Kg8 36. Qe6+ Kf8 37. Qf5+ Kg8 1/2-1/2

[Event "4NCL Online Division 5"]
[Site "online"]
[Date "2021.10.19"]
[EventDate "2021.10.19"]
[Round "5.271"]
[White "Shah, Prem C"]
[WhiteElo "1114"]
[WhiteTeam "Watford Juniors B"]
[Black "Gibson, Simon"]
[BlackElo "1300"]
[BlackTeam "Uxbridge E"]
[Result "0-1"]
[PlyCount "48"]

1. e4 d6 2. d4 Nf6 3. Nc3 c6 4. Bd3 Qa5 5. Nf3 Bg4 6. O-O Nbd7 7. h3 Bh5 8. Bg5 Bxf3 9. Qxf3 Qxg5 10. d5 Ne5 11. Qe2 Nxd3 12. Qxd3 cxd5 13. exd5 a6 14. Qc4 g6 15. Rad1 Bg7 16. Rfe1 Nh5 17. Na4 O-O 18. Qc7 Nf4 19. g4 Nxh3+ 20. Kf1 b5 21. Nb6 Rad8 22. b3 Qf4 23. Re2 Qf3 24. Rde1 Qh1# 0-1

[Event "4NCL Online Division 5"]
[Site "online"]
[Date "2021.10.19"]
[EventDate "2021.10.19"]
[Round "5.272"]
[White "Jebananthan, Jeshan"]
[WhiteElo "1281"]
[WhiteTeam "Uxbridge E"]
[Black "Khandelwal, Akshaj"]
[BlackElo "1118"]
[BlackTeam "Watford Juniors B"]
[Result "0-1"]
[PlyCount "84"]

1. e4 e6 2. d4 d5 3. Nc3 c6 4. Bd3 c5 5. exd5 exd5 6. Bb5+ Nc6 7. Nxd5 Qxd5 8. Nf3 Bg4 9. Be2 cxd4 10. h3 Bh5 11. Be3 O-O-O 12. Bf4 Bb4+ 13. Bd2 Bxd2+ 14. Qxd2 Re8 15. O-O Nf6 16. Rfe1 Re6 17. Ng5 Rxe2 18. Rxe2 Bxe2 19. h4 Bh5 20. Nh3 h6 21. b3 Re8 22. Nf4 Qf5 23. f3 g5 24. Nxh5 Nxh5 25. g4 Qxf3 26. gxh5 Re2 27. Qxe2 Qxe2 28. hxg5 hxg5 29. h6 g4 30. h7 Qe8 31. Kg2 Qh8 32. Rh1 f5 33. Kg3 Kd7 34. Kf4 Ke6 35. Rh6+ Kf7 36. a3 Kg7 37. Kg5 g3 38. Rg6+ Kxh7 39. Rh6+ Kg8 40. Rg6+ Qg7 41. Kxf5 Qxg6+ 42. Kxg6 g2 0-1

[Event "4NCL Online Division 5"]
[Site "online"]
[Date "2021.10.19"]
[EventDate "2021.10.19"]
[Round "5.273"]
[White "Holland, Nicolas"]
[WhiteElo "953"]
[WhiteTeam "Watford Juniors B"]
[Black "Mangalagiri, Pranav"]
[BlackElo "1232"]
[BlackTeam "Uxbridge E"]
[Result "0-1"]
[PlyCount "64"]

1. e4 c5 2. Nf3 Nc6 3. Nc3 e6 4. Bb5 d5 5. Bxc6+ bxc6 6. d3 d4 7. Na4 Qa5+ 8. c3 dxc3 9. Nxc3 Bd7 10. Bf4 Nf6 11. Bg5 Be7 12. Bxf6 Bxf6 13. Qc2 e5 14. O-O O-O 15. Ne2 Bg4 16. a3 Bxf3 17. gxf3 Rab8 18. Rfb1 Rfd8 19. b4 cxb4 20. axb4 Qb6 21. b5 cxb5 22. Nc3 Qc5 23. Rxb5 Rxb5 24. Rb1 Rxb1+ 25. Qxb1 Qxc3 26. Qb7 h6 27. Qxa7 Qxd3 28. Kg2 Qe2 29. Qc7 Rd2 30. Qc8+ Kh7 31. Qf5+ g6 32. Qd7 Rxd7 0-1

[Event "4NCL Online Division 5"]
[Site "online"]
[Date "2021.10.19"]
[EventDate "2021.10.19"]
[Round "5.274"]
[White "Kanakaraju, Sundararaju"]
[WhiteElo "728"]
[WhiteTeam "Uxbridge E"]
[Black "Balakrishnan, Akshata"]
[BlackElo "704"]
[BlackTeam "Watford Juniors B"]
[Result "1-0"]
[PlyCount "37"]

1. e4 e5 2. Nf3 Nc6 3. Bd3 Nf6 4. O-O Bc5 5. c3 O-O 6. b4 b6 7. bxc5 bxc5 8. Ba3 d6 9. c4 Ba6 10. Qa4 Nd4 11. Nxd4 cxd4 12. Qxa6 Qe7 13. Qc6 Nh5 14. c5 dxc5 15. Bxc5 Qg5 16. Bxf8 Nf4 17. g3 Nxd3 18. Qxa8 Qh5 19. Be7# 1-0

[Event "4NCL Online Division 5"]
[Site "online"]
[Date "2021.11.02"]
[EventDate "2021.11.02"]
[Round "6.11"]
[White "Pantazopoulos, Stavros"]
[WhiteElo "2184"]
[WhiteTeam "Hebden Bridge 1"]
[Black "Morrison, Julian"]
[BlackElo "2006"]
[BlackTeam "Charlton Cobras B"]
[Result "1/2-1/2"]
[PlyCount "59"]

1. d4 Nf6 2. c4 e6 3. Nc3 d5 4. cxd5 exd5 5. Bg5 c6 6. Qc2 Bd6 7. e3 O-O 8. Bd3 h6 9. Bh4 Re8 10. Nge2 Be6 11. f3 Nbd7 12. O-O Qb8 13. Bg3 c5 14. dxc5 Nxc5 15. Rac1 Bxg3 16. Nxg3 Qe5 17. Rfe1 d4 18. f4 Qb8 19. Nb5 Rc8 20. Nf5 Nxd3 21. Ne7+ Kh8 22. Qxd3 Rxc1 23. Rxc1 dxe3 24. Nc7 Qd8 25. Qxe3 Rb8 26. Qxa7 Bxa2 27. h3 Kh7 28. Kh1 Bb3 29. Rc3 Ba4 30. Qc5 1/2-1/2

[Event "4NCL Online Division 5"]
[Site "online"]
[Date "2021.11.02"]
[EventDate "2021.11.02"]
[Round "6.12"]
[White "Mayer, Daniel H"]
[WhiteElo "1984"]
[WhiteTeam "Charlton Cobras B"]
[Black "Cook, Philip"]
[BlackElo "2149"]
[BlackTeam "Hebden Bridge 1"]
[Result "1-0"]
[PlyCount "83"]

1. e4 d5 2. exd5 Qxd5 3. Nf3 Bg4 4. Be2 Nc6 5. h3 Bxf3 6. Bxf3 Qe5+ 7. Qe2 Qxe2+ 8. Bxe2 O-O-O 9. d3 e5 10. Be3 Nge7 11. Nc3 Kb8 12. O-O Nf5 13. Bd2 f6 14. Ne4 Nfd4 15. Bd1 Be7 16. f4 f5 17. Ng5 Bxg5 18. fxg5 g6 19. Be3 Rhe8 20. h4 Nb4 21. c3 Nd5 22. Bf2 Nc6 23. Bc2 e4 24. dxe4 fxe4 25. Rae1 e3 26. Bg3 Ne5 27. Be4 Ng4 28. Bf3 Ne5 29. Be4 Ng4 30. Bxd5 Rxd5 31. Rf4 h5 32. gxh6 Nxh6 33. Rf6 Nf5 34. Rxg6 Rd2 35. Rg5 Nd6 36. h5 e2 37. Re5 Rg8 38. Bf4 Rxb2 39. R5xe2 Rb5 40. h6 a6 41. Bxd6 cxd6 42. h7 1-0

[Event "4NCL Online Division 5"]
[Site "online"]
[Date "2021.11.02"]
[EventDate "2021.11.02"]
[Round "6.13"]
[White "Eagleton, Greg T"]
[WhiteElo "2065"]
[WhiteTeam "Hebden Bridge 1"]
[Black "Morris, David"]
[BlackElo "1930"]
[BlackTeam "Charlton Cobras B"]
[Result "1-0"]
[PlyCount "57"]

1. d4 Nf6 2. c4 c5 3. d5 e6 4. Nc3 exd5 5. cxd5 d6 6. e4 g6 7. f4 Bg7 8. Bb5+ Nfd7 9. a4 O-O 10. Nf3 Na6 11. O-O Nb4 12. Re1 a6 13. Bf1 Re8 14. h3 Rb8 15. Be3 Qc7 16. Bf2 b6 17. Bc4 b5 18. axb5 Nb6 19. Bf1 c4 20. Nd4 Bxd4 21. Bxd4 axb5 22. Nxb5 Qd8 23. Nc3 Rb7 24. Qd2 f5 25. e5 dxe5 26. Bxe5 Nc6 27. Rad1 Nxe5 28. fxe5 Qc7 29. Qd4 1-0

[Event "4NCL Online Division 5"]
[Site "online"]
[Date "2021.11.02"]
[EventDate "2021.11.02"]
[Round "6.14"]
[White "Virgin, Jack"]
[WhiteElo "1880"]
[WhiteTeam "Charlton Cobras B"]
[Black "Shapland, David"]
[BlackElo "1928"]
[BlackTeam "Hebden Bridge 1"]
[Result "0-1"]
[PlyCount "58"]

1. e4 e5 2. Nf3 Nc6 3. Bc4 Nf6 4. d4 exd4 5. O-O Bc5 6. e5 d5 7. exf6 dxc4 8. Re1+ Be6 9. Ng5 Qd5 10. Nc3 Qf5 11. g4 Qg6 12. Nce4 Bb6 13. fxg7 Qxg7 14. Nxe6 fxe6 15. Bg5 O-O 16. Qd2 Ne5 17. Bh6 Qxg4+ 18. Kh1 Qf3+ 19. Kg1 Rf5 20. Ng3 Qg4 21. Kh1 Nf3 22. Qe2 Re8 23. Nxf5 Qh3 24. Bf4 Nxe1 25. Nh6+ Kf8 26. Rxe1 d3 27. Qe5 Qf3+ 28. Kg1 Bxf2+ 29. Kf1 Be3# 0-1